British Monarchs (1707-present) - Statistics

General Stats
  • This quiz has been taken 31 times
  • The average score is 10 of 13
Answer Stats
Hint Answer % Correct
2022- Windsor Charles III
89%
1952-2022 Windsor Elizabeth II
89%
1837-1901 Hanover Victoria
89%
1901-1910 Saxe-Coburg and Gotha Edward VII
85%
1936 Windsor Edward VIII
85%
1910-1936 Windsor George V
85%
1714-1727 Hanover George I
81%
1936-1952 Windsor George VI
81%
1727-1760 Hanover George II
78%
1760-1820 Hanover George III
78%
1820-1830 Hanover George IV
78%
(1702) 1707-1714 Stuart Anne
74%
1830-1837 Hanover William IV
52%
No matching quizzes found
Score Distribution
Percent of People with Each Score
Percentile by Number Answered
Your Score History
You have not taken this quiz